Normal view
MARC view
- Paton, G. W.
Entry Personal Name
001 - CONTROL NUMBER
- control field: 4146
003 - CONTROL NUMBER IDENTIFIER
- control field: OSt
005 - DATE AND TIME OF LATEST TRANSACTION
- control field: 20210826143612.0
008 - FIXED-LENGTH DATA ELEMENTS
- fixed length control field: 210826|| aca||aabn | a|a d
040 ## - CATALOGING SOURCE
- Original cataloging agency: OSt
- Transcribing agency: OSt
100 ## - HEADING--PERSONAL NAME
- Personal name: Paton, G. W.
670 ## - SOURCE DATA FOUND
- Source citation: Work cat.: (OSt)1727: Paton, G. W., Juris Prudence, c1951
